Applying psychology

Αποθηκεύτηκε σε:
Λεπτομέρειες βιβλιογραφικής εγγραφής
Κύριος συγγραφέας: Quinn, Virginia Nichols
Μορφή: Βιβλίο
Γλώσσα:English
Δημοσίευση: New York : McGraw-Hill, c1984
Θέματα:
Ετικέτες: Προσθήκη ετικέτας
Δεν υπάρχουν, Καταχωρήστε ετικέτα πρώτοι!

MARC

LEADER 00000nam a2200000 i 4500
001 1/85692
008 981022s1984 eng d
020 |a 0-07-051068-7 
035 |l 10034761 
035 |a 1990  |b 3  |c Πολεμικός 
040 |a GR-MY-UA  |b gre  |e aacr 
041 0 |a eng 
082 0 |a 158  |2 (19) 
100 1 |a Quinn, Virginia Nichols. 
245 1 0 |a Applying psychology /  |c Virginia Nichols Quinn 
260 |a New York :   |b McGraw-Hill,   |c c1984 
300 |a xiv, 456 p.;  |b ill.;  |c 24 cm 
504 |a Βιβλιογραφία: σ. 425-430 
504 |a Περιέχει ευρετήριο 
650 0 0 |a Psychology. 
650 0 0 |a Psychology, Applied. 
852 |a INST  |b RHODES  |e 19981022  |h 158 QUI  |p 005400008000  |q 005400008000  |t BK  |y 0 
909 |a Ρ  |b 018209  |c 1990